The excise manual united provinces of Agra and Oudh (Record no. 429350)

000 -LEADER
fixed length control field 00353cam a22000977a 4500
008 - FIXED-LENGTH DATA ELEMENTS--GENERAL INFORMATION
fixed length control field 180718b1957 xxu||||| |||| 00| 0 eng d
082 ## - DEWEY DECIMAL CLASSIFICATION NUMBER
Classification number L25x5421 Ut8m
245 ## - TITLE STATEMENT
Title The excise manual united provinces of Agra and Oudh
260 ## - PUBLICATION, DISTRIBUTION, ETC.
Place of publication, distribution, etc. Lucknow
Name of publisher, distributor, etc. Superintendent, Printing and Stationery
Date of publication, distribution, etc. 1957
500 ## - GENERAL NOTE
General note Contents : Library has v.1,v.2 : Appendices and Forms, v.3
Holdings
Withdrawn status Lost status Damaged status Not for loan Permanent Location Current Location Date acquired Full call number Barcode Date last seen Price effective from Koha item type
        Indian Institute of Public Administration Indian Institute of Public Administration 2009-12-23 L25x5421 Ut8m 24237 2018-07-21 2018-07-21 Book

Powered by Koha